[Event "Sochi Tseshkovsky Memorial op"]
[Site "Sochi"]
[Date "2014.09.23"]
[Round "7"]
[White "Borisov, Sergey M"]
[Black "Tekeyev, Zaur"]
[Result "0-1"]
[WhiteElo "2014"]
[BlackElo "2300"]
[PlyCount "100"]
[EventDate "2014.09.17"]
[EventType "swiss"]
[EventRounds "9"]
[EventCountry "RUS"]
[SourceTitle "CBM 162 Extra"]
[Source "ChessBase"]
[SourceDate "2014.10.17"]
[SourceVersion "1"]
[SourceVersionDate "2014.10.17"]
[SourceQuality "1"]

1. Nf3 g6 2. d4 Nf6 3. c4 Bg7 4. Nc3 0-0 5. e4 d6 6. Be2 Nbd7 7. 0-0 e5 8. Qc2 Nh5 9. Rd1 Nf4 10. Bxf4 exf4 11. e5 dxe5 12. dxe5 c6 13. Qe4 Qe7 14. Qxf4 Nxe5 15. Re1 Re8 16. Qd2 Be6 17. Nxe5 Bxe5 18. Rad1 Qb4 19. Bd3 Qa5 20. Qc2 Rad8 21. b4 Qc7 22. g3 Bg7 23. c5 Bg4 24. Rxe8+ Rxe8 25. Be2 Bf5 26. Bd3 Be6 27. Ne4 Rd8 28. Nd6 Bf8 29. Ne4 Qe5 30. Rd2 f5 31. Bc4 Rxd2 32. Bxe6+ Qxe6 33. Nxd2 Kg7 34. Nc4 Qe1+ 35. Kg2 Qxb4 36. Qe2 Qxc5 37. Qb2+ Kg8 38. Ne3 b5 39. Qb3+ Kh8 40. Qe6 Qd6 41. Qe8 a5 42. h4 a4 43. h5 Kg7 44. hxg6 hxg6 45. Qc8 Kf7 46. Kh3 Qe6 47. Qc7+ Be7 48. Kh2 b4 49. Qf4 b3 50. Qxa4 b2 0-1

[Event "Sochi Tseshkovsky Memorial op"]
[Site "Sochi"]
[Date "2014.09.17"]
[Round "1"]
[White "Borisov, Sergey M"]
[Black "Malaniuk, Vladimir P"]
[Result "0-1"]
[WhiteElo "2014"]
[BlackElo "2523"]
[PlyCount "96"]
[EventDate "2014.09.17"]
[EventType "swiss"]
[EventRounds "9"]
[EventCountry "RUS"]
[SourceTitle "CBM 162 Extra"]
[Source "ChessBase"]
[SourceDate "2014.10.17"]
[SourceVersion "1"]
[SourceVersionDate "2014.10.17"]
[SourceQuality "1"]

1. Nf3 f5 2. d3 Nc6 3. e4 e5 4. Nc3 Nf6 5. exf5 d5 6. d4 exd4 7. Nxd4 Nxd4 8. Qxd4 Bxf5 9. Bd3 Bxd3 10. Qxd3 c6 11. 0-0 Be7 12. Bg5 0-0 13. Rfe1 Bd6 14. Qh3 Qd7 15. Qxd7 Nxd7 16. Be7 Bxe7 17. Rxe7 Rf7 18. Rae1 Rxe7 19. Rxe7 Rd8 20. Ne2 Kf8 21. Re3 Nc5 22. f3 Kf7 23. Kf2 Ne6 24. Ke1 Kf6 25. Kd2 a5 26. Nc1 a4 27. Nd3 c5 28. Nf2 h5 29. Re1 b5 30. Nd3 d4 31. Nf2 Rd5 32. Nd3 g5 33. Nf2 Nf4 34. g3 Ng6 35. Nd3 Rf5 36. Rf1 Ke7 37. Ke2 Kd6 38. Re1 Nf8 39. Rf1 Ne6 40. Kd2 c4 41. Nf2 Kd5 42. f4 b4 43. a3 gxf4 44. Nh3 c3+ 45. Kc1 b3 46. Nxf4+ Kc4 47. cxb3+ axb3 48. Re1 Nc5 0-1

[Event "Omsk-ch"]
[Site "Omsk"]
[Date "2012.03.18"]
[Round "3"]
[White "Borisov, Sergey M"]
[Black "Baboshin, Sergei"]
[Result "1/2-1/2"]
[WhiteElo "2051"]
[BlackElo "2173"]
[PlyCount "36"]
[EventDate "2012.03.15"]
[EventType "swiss"]
[EventRounds "9"]
[EventCountry "RUS"]
[SourceTitle "EXT 2013"]
[Source "ChessBase"]
[SourceDate "2012.11.22"]
[SourceVersion "1"]
[SourceVersionDate "2012.11.22"]
[SourceQuality "1"]

1. d4 Nf6 2. Nf3 b6 3. g3 Bb7 4. Bg2 c5 5. 0-0 cxd4 6. Qxd4 Nc6 7. Qa4 a6 8. e4 Qc8 9. Nc3 Na5 10. Qb4 e6 11. Qxb6 Nc4 12. Qd4 Bc5 13. Qd3 d5 14. b3 Nb6 15. Be3 Bxe3 16. Qxe3 Qd7 17. Qd4 0-0 18. Rac1 Rab8 1/2-1/2

[Event "Omsk-ch"]
[Site "Omsk"]
[Date "2012.03.17"]
[Round "2"]
[White "Borisov, Sergey M"]
[Black "Savostjanov, Igor"]
[Result "1-0"]
[WhiteElo "2051"]
[BlackElo "2125"]
[PlyCount "39"]
[EventDate "2012.03.15"]
[EventType "swiss"]
[EventRounds "9"]
[EventCountry "RUS"]
[SourceTitle "EXT 2013"]
[Source "ChessBase"]
[SourceDate "2012.11.22"]
[SourceVersion "1"]
[SourceVersionDate "2012.11.22"]
[SourceQuality "1"]

1. d4 e6 2. Nf3 f5 3. g3 Nf6 4. Bg2 Be7 5. 0-0 0-0 6. c4 d6 7. Nc3 Nbd7 8. Ng5 Nb6 9. Qb3 h6 10. Nh3 Kh7 11. e4 c6 12. f4 fxe4 13. Nxe4 d5 14. Nxf6+ Bxf6 15. Qd3+ g6 16. Re1 a6 17. cxd5 exd5 18. Be3 c5 19. Nf2 Bg7 20. Ng4 1-0

[Event "Omsk-ch"]
[Site "Omsk"]
[Date "2012.03.15"]
[Round "1"]
[White "Lunga, Oleg"]
[Black "Borisov, Sergey M"]
[Result "0-1"]
[WhiteElo "1709"]
[BlackElo "2051"]
[PlyCount "31"]
[EventDate "2012.03.15"]
[EventType "swiss"]
[EventRounds "9"]
[EventCountry "RUS"]
[SourceTitle "EXT 2013"]
[Source "ChessBase"]
[SourceDate "2012.11.22"]
[SourceVersion "1"]
[SourceVersionDate "2012.11.22"]
[SourceQuality "1"]

1. e4 c5 2. Nf3 e6 3. d4 cxd4 4. Nxd4 a6 5. c4 Nf6 6. Nc3 Bb4 7. Bd3 Qc7 8. 0-0 Nc6 9. Nxc6 bxc6 10. Bg5 Be7 11. Qe2 e5 12. b3 0-0 13. f4 Bc5+ 14. Kh1 Bb7 15. fxe5 Qxe5 16. Rad1 0-1

[Event "Omsk op"]
[Site "Omsk"]
[Date "2012.02.02"]
[Round "3"]
[White "Borisov, Sergey M"]
[Black "Savostjanov, Igor"]
[Result "1/2-1/2"]
[WhiteElo "2051"]
[BlackElo "2125"]
[PlyCount "58"]
[EventDate "2012.01.29"]
[EventType "swiss"]
[EventRounds "9"]
[EventCountry "RUS"]
[SourceTitle "EXT 2022"]
[Source "ChessBase"]
[SourceDate "2021.10.06"]
[SourceVersion "1"]
[SourceVersionDate "2021.10.06"]
[SourceQuality "1"]

1. d4 Nf6 2. Nf3 g6 3. c4 Bg7 4. Nc3 0-0 5. e4 d6 6. Be2 Nbd7 7. 0-0 e5 8. Re1 exd4 9. Nxd4 Nc5 10. Bf1 Re8 11. f3 a5 12. Be3 Ne6 13. Qd2 Bd7 14. Rad1 Qe7 15. Bf2 Qf8 16. Ncb5 Bxb5 17. Nxe6 fxe6 18. cxb5 b6 19. a4 Qe7 20. Rc1 Rac8 21. Rc6 Nd7 22. Qc2 Nc5 23. Bc4 Qf7 24. Bxc5 bxc5 25. Ra6 d5 26. Be2 Bd4+ 27. Kh1 Ra8 28. Rxa8 Rxa8 29. b3 Re8 1/2-1/2

[Event "Omsk op"]
[Site "Omsk"]
[Date "2012.01.31"]
[Round "2"]
[White "Adamson, Garry"]
[Black "Borisov, Sergey M"]
[Result "0-1"]
[WhiteElo "2032"]
[BlackElo "2051"]
[PlyCount "94"]
[EventDate "2012.01.29"]
[EventType "swiss"]
[EventRounds "9"]
[EventCountry "RUS"]
[SourceTitle "EXT 2022"]
[Source "ChessBase"]
[SourceDate "2021.10.06"]
[SourceVersion "1"]
[SourceVersionDate "2021.10.06"]
[SourceQuality "1"]

1. d4 d5 2. Nf3 Nf6 3. c4 c6 4. Nc3 a6 5. e3 b5 6. c5 Bg4 7. Qc2 Nbd7 8. b4 Bxf3 9. gxf3 e5 10. a4 exd4 11. exd4 Be7 12. Bd3 Qb8 13. 0-0 0-0 14. Re1 Re8 15. Bg5 Nf8 16. Qa2 Ne6 17. Be3 g6 18. Ne2 Nh5 19. Qd2 f5 20. f4 Bf6 21. Bc2 Bg7 22. Ra2 Qb7 23. Rea1 Nf6 24. f3 Nc7 25. Bd3 Reb8 26. Kh1 Qc8 27. Bf2 Qd7 28. Nc3 Nh5 29. Re1 Re8 30. Re5 Bxe5 31. fxe5 Ne6 32. Ne2 f4 33. Ra1 Rf8 34. Bh4 g5 35. Bf2 Nhg7 36. Qc2 h5 37. Rg1 Kh8 38. h4 g4 39. fxg4 f3 40. Ng3 hxg4 41. Bf5 Qe7 42. Nf1 Nxf5 43. Rxg4 Qf7 44. Qd2 Rg8 45. Nh2 Rxg4 46. Nxg4 Qh5 47. Nf6 Qg6 0-1

[Event "Omsk op"]
[Site "Omsk"]
[Date "2012.01.29"]
[Round "1"]
[White "Borisov, Sergey M"]
[Black "Bogachkova, Alena"]
[Result "1/2-1/2"]
[WhiteElo "2051"]
[BlackElo "1993"]
[PlyCount "42"]
[EventDate "2012.01.29"]
[EventType "swiss"]
[EventRounds "9"]
[EventCountry "RUS"]
[SourceTitle "EXT 2022"]
[Source "ChessBase"]
[SourceDate "2021.10.06"]
[SourceVersion "1"]
[SourceVersionDate "2021.10.06"]
[SourceQuality "1"]

1. d4 d5 2. Nf3 Nf6 3. Bf4 c6 4. Nbd2 Bf5 5. e3 e6 6. Be2 h6 7. 0-0 Nbd7 8. h3 Be7 9. c4 0-0 10. Qb3 Qb6 11. c5 Qxb3 12. axb3 Ne4 13. Nxe4 Bxe4 14. b4 Bxf3 15. Bxf3 a6 16. g4 Bf6 17. Rfb1 e5 18. dxe5 Nxe5 19. Bxe5 Bxe5 20. Ra2 Rfe8 21. Ra3 Bf6 1/2-1/2

[Event "Omsk Rating"]
[Site "Omsk"]
[Date "2011.12.15"]
[Round "9"]
[White "Borisov, Sergey M"]
[Black "Usatchev, Sergei"]
[Result "1/2-1/2"]
[WhiteElo "2048"]
[BlackElo "1856"]
[PlyCount "50"]
[EventDate "2011.12.02"]
[EventType "swiss"]
[EventRounds "9"]
[EventCountry "RUS"]
[SourceTitle "EXT 2022"]
[Source "ChessBase"]
[SourceDate "2021.10.06"]
[SourceVersion "1"]
[SourceVersionDate "2021.10.06"]
[SourceQuality "1"]

1. d4 Nf6 2. Nf3 e6 3. Bg5 c5 4. e3 Be7 5. Nbd2 b6 6. Bd3 Ba6 7. 0-0 Bxd3 8. cxd3 Nd5 9. Bxe7 Qxe7 10. dxc5 bxc5 11. Rc1 0-0 12. Ne4 d6 13. Qa4 h6 14. Rfd1 Rc8 15. d4 Nb6 16. Qa3 N8d7 17. dxc5 dxc5 18. Rd2 Rc7 19. Rdc2 Rac8 20. Nd4 a6 21. Nb3 Qh4 22. Nd6 Rd8 23. Nc4 Nxc4 24. Rxc4 Qh5 25. f3 Ne5 1/2-1/2

[Event "Omsk Rating"]
[Site "Omsk"]
[Date "2011.12.11"]
[Round "6"]
[White "Manchenko, Vladimir"]
[Black "Borisov, Sergey M"]
[Result "1/2-1/2"]
[WhiteElo "2077"]
[BlackElo "2048"]
[PlyCount "24"]
[EventDate "2011.12.02"]
[EventType "swiss"]
[EventRounds "9"]
[EventCountry "RUS"]
[SourceTitle "EXT 2022"]
[Source "ChessBase"]
[SourceDate "2021.10.06"]
[SourceVersion "1"]
[SourceVersionDate "2021.10.06"]
[SourceQuality "1"]

1. e4 c5 2. Nc3 Nc6 3. g3 g6 4. Bg2 Bg7 5. d3 d6 6. Nf3 Nf6 7. h3 Rb8 8. 0-0 b5 9. Be3 0-0 10. Qd2 a5 11. Bh6 c4 12. Bxg7 Kxg7 1/2-1/2

[Event "Omsk Rating"]
[Site "Omsk"]
[Date "2011.12.08"]
[Round "5"]
[White "Borisov, Sergey M"]
[Black "Strizhachenko, Yuri"]
[Result "0-1"]
[WhiteElo "2048"]
[BlackElo "2105"]
[PlyCount "50"]
[EventDate "2011.12.02"]
[EventType "swiss"]
[EventRounds "9"]
[EventCountry "RUS"]
[SourceTitle "EXT 2022"]
[Source "ChessBase"]
[SourceDate "2021.10.06"]
[SourceVersion "1"]
[SourceVersionDate "2021.10.06"]
[SourceQuality "1"]

1. d4 d5 2. c4 e6 3. Nc3 f5 4. Nf3 c6 5. e3 Nf6 6. Ne5 Nbd7 7. f4 Be7 8. Be2 0-0 9. 0-0 Nxe5 10. fxe5 Ne4 11. Nxe4 dxe4 12. Rb1 b6 13. b4 Kh8 14. a4 Bd7 15. b5 Qe8 16. Qb3 Rc8 17. Ba3 Bxa3 18. Qxa3 c5 19. Rfd1 Qe7 20. Qc3 cxd4 21. exd4 Qg5 22. Qd2 f4 23. g3 e3 24. Qe1 Be8 25. Kh1 Bg6 0-1

[Event "Omsk Rating"]
[Site "Omsk"]
[Date "2011.12.07"]
[Round "4"]
[White "Borisov, Sergey M"]
[Black "Bogachkova, Alena"]
[Result "1-0"]
[WhiteElo "2048"]
[BlackElo "2009"]
[PlyCount "31"]
[EventDate "2011.12.02"]
[EventType "swiss"]
[EventRounds "9"]
[EventCountry "RUS"]
[SourceTitle "EXT 2022"]
[Source "ChessBase"]
[SourceDate "2021.10.06"]
[SourceVersion "1"]
[SourceVersionDate "2021.10.06"]
[SourceQuality "1"]

1. d4 Nf6 2. c4 g6 3. Nc3 Bg7 4. Nf3 0-0 5. g3 d6 6. Bg2 Nbd7 7. 0-0 e5 8. h3 exd4 9. Nxd4 Ne5 10. b3 Re8 11. e4 Ned7 12. Be3 Nc5 13. Qc2 a5 14. Rad1 Bd7 15. Nde2 Qc8 16. Kh2 1-0

[Event "Omsk-ch"]
[Site "Omsk"]
[Date "2011.11.18"]
[Round "4"]
[White "Borisov, Sergey M"]
[Black "Pozdniakov, Vladimir"]
[Result "1-0"]
[WhiteElo "2071"]
[BlackElo "2186"]
[PlyCount "24"]
[EventDate "2011.11.13"]
[EventType "swiss"]
[EventRounds "9"]
[EventCountry "RUS"]
[SourceTitle "EXT 2013"]
[Source "ChessBase"]
[SourceDate "2012.11.22"]
[SourceVersion "1"]
[SourceVersionDate "2012.11.22"]
[SourceQuality "1"]

1. d4 d6 2. Nf3 Bg4 3. c4 Nd7 4. Nc3 c6 5. g3 e5 6. Bg2 Be7 7. 0-0 Ngf6 8. h3 Bh5 9. Nh4 Qc7 10. Nf5 Bf8 11. d5 c5 12. g4 Bg6 1-0

[Event "Omsk CC-ch final"]
[Site "Omsk"]
[Date "2011.09.08"]
[Round "10"]
[White "Savostjanov, Igor"]
[Black "Borisov, Sergey M"]
[Result "1-0"]
[WhiteElo "2078"]
[BlackElo "2048"]
[PlyCount "99"]
[EventDate "2011.08.20"]
[EventType "swiss"]
[EventRounds "11"]
[EventCountry "RUS"]
[SourceTitle "EXT 2023"]
[Source "ChessBase"]
[SourceDate "2022.10.05"]
[SourceVersion "1"]
[SourceVersionDate "2022.10.05"]
[SourceQuality "1"]

1. d4 d5 2. Bf4 Nf6 3. Nf3 c6 4. e3 Bg4 5. h3 Bh5 6. Nbd2 e6 7. Be2 Bd6 8. Bxd6 Qxd6 9. 0-0 Nbd7 10. c4 0-0 11. c5 Qc7 12. b4 e5 13. Nxe5 Bxe2 14. Qxe2 Nxe5 15. dxe5 Qxe5 16. Nf3 Qe7 17. Nd4 g6 18. a4 a6 19. Qc2 Nd7 20. Rfc1 Rac8 21. Ra3 f5 22. Rc3 Ne5 23. b5 axb5 24. axb5 Nc4 25. bxc6 bxc6 26. Qa4 Rfe8 27. Nxc6 Qxc5 28. Nb4 Ra8 29. Qb3 Rab8 30. Rxc4 dxc4 31. Rxc4 Qf8 32. Rc7+ Kh8 33. Qc3+ Kg8 34. Qc4+ Kh8 35. Qd4+ Kg8 36. Nd5 Re6 37. Qh4 h6 38. Ne7+ Kh8 39. Qd4+ Qf6 40. Nxg6+ Kg8 41. Ne7+ Kf8 42. Nxf5 Qxd4 43. Nxd4 Rb1+ 44. Kh2 Rf6 45. f4 Rb2 46. f5 Ra6 47. Ne6+ Ke8 48. Kg3 Raa2 49. f6 Rf2 50. Re7# 1-0

[Event "Omsk CC-ch final"]
[Site "Omsk"]
[Date "2011.08.31"]
[Round "6"]
[White "Borisov, Sergey M"]
[Black "Skokov, Boris"]
[Result "1-0"]
[WhiteElo "2048"]
[BlackElo "2061"]
[PlyCount "63"]
[EventDate "2011.08.20"]
[EventType "swiss"]
[EventRounds "11"]
[EventCountry "RUS"]
[SourceTitle "EXT 2023"]
[Source "ChessBase"]
[SourceDate "2022.10.05"]
[SourceVersion "1"]
[SourceVersionDate "2022.10.05"]
[SourceQuality "1"]

1. d4 e6 2. Nf3 Nf6 3. c4 b6 4. g3 Ba6 5. Qb3 c5 6. Bg2 Nc6 7. Qa4 Qc8 8. dxc5 Bxc5 9. Nc3 0-0 10. 0-0 Bb7 11. Rd1 Ng4 12. Ne4 Be7 13. Bf4 e5 14. Bg5 f6 15. Bc1 f5 16. Nd6 Bxd6 17. Rxd6 Qc7 18. Rd1 f4 19. gxf4 exf4 20. Qb5 Nf6 21. b3 Rad8 22. Ba3 d6 23. Qf5 Qe7 24. Qxf4 Ne4 25. Qe3 Rde8 26. Nd2 Nxf2 27. Qxe7 Nxe7 28. Bxb7 Nxd1 29. Rxd1 Nf5 30. Ne4 Ne3 31. Rc1 Rf7 32. Nxd6 1-0

[Event "Omsk CC-ch sf"]
[Site "Omsk"]
[Date "2011.07.01"]
[Round "9"]
[White "Dobrovolsky, Gennady"]
[Black "Borisov, Sergey M"]
[Result "1-0"]
[WhiteElo "2056"]
[BlackElo "2048"]
[PlyCount "53"]
[EventDate "2011.06.20"]
[EventType "swiss"]
[EventRounds "11"]
[EventCountry "RUS"]
[SourceTitle "EXT 2023"]
[Source "ChessBase"]
[SourceDate "2022.10.05"]
[SourceVersion "1"]
[SourceVersionDate "2022.10.05"]
[SourceQuality "1"]

1. e4 Nf6 2. e5 Nd5 3. Nc3 Nxc3 4. bxc3 d5 5. d4 Bf5 6. Bd3 Bxd3 7. cxd3 e6 8. Qb3 b6 9. a4 Nc6 10. Nf3 Be7 11. Qb5 Qd7 12. 0-0 0-0 13. Ba3 a6 14. Qb2 Rab8 15. Rfb1 f5 16. exf6 gxf6 17. Qe2 Bxa3 18. Rxa3 Rbe8 19. Ra2 e5 20. dxe5 fxe5 21. Qd2 Kh8 22. Re1 Qf5 23. Nh4 Qh5 24. g3 Rf6 25. Qd1 Qf7 26. Rae2 Rf8 27. Qd2 1-0

[Event "Omsk CC-ch sf"]
[Site "Omsk"]
[Date "2011.06.24"]
[Round "4"]
[White "Borisov, Sergey M"]
[Black "Skokov, Boris"]
[Result "1-0"]
[WhiteElo "2048"]
[BlackElo "2061"]
[PlyCount "27"]
[EventDate "2011.06.20"]
[EventType "swiss"]
[EventRounds "11"]
[EventCountry "RUS"]
[SourceTitle "EXT 2023"]
[Source "ChessBase"]
[SourceDate "2022.10.05"]
[SourceVersion "1"]
[SourceVersionDate "2022.10.05"]
[SourceQuality "1"]

1. d4 Nf6 2. Nf3 e6 3. c4 b6 4. g3 Ba6 5. Qa4 c6 6. Bg2 b5 7. cxb5 cxb5 8. Qb3 Nc6 9. 0-0 Qb6 10. Bg5 Be7 11. Nbd2 d5 12. Qe3 0-0 13. Nb3 Rfc8 14. Rfc1 1-0

[Event "Omsk CC-ch sf"]
[Site "Omsk"]
[Date "2010.08.03"]
[Round "2"]
[White "Riabinina, Margarita"]
[Black "Borisov, Sergey M"]
[Result "0-1"]
[WhiteElo "1811"]
[BlackElo "2038"]
[PlyCount "38"]
[EventDate "2010.08.01"]
[EventType "swiss"]
[EventRounds "9"]
[EventCountry "RUS"]
[SourceTitle "EXT 2012"]
[Source "ChessBase"]
[SourceDate "2011.11.24"]
[SourceVersion "1"]
[SourceVersionDate "2011.11.24"]
[SourceQuality "1"]

1. e4 c5 2. Nc3 Nc6 3. Nge2 g6 4. g3 Bg7 5. Bg2 e6 6. d3 d6 7. 0-0 Nge7 8. Be3 Nd4 9. Rb1 0-0 10. f4 Rb8 11. Kh1 b5 12. Bd2 b4 13. Na4 Bd7 14. b3 Bxa4 15. bxa4 a5 16. Nxd4 Bxd4 17. Qc1 Qd7 18. a3 Qxa4 19. axb4 axb4 0-1

[Event "Omsk RT op"]
[Site "Omsk"]
[Date "2009.??.??"]
[Round "4"]
[White "Borisov, Sergey M"]
[Black "Krivoshapko, Alexander"]
[Result "0-1"]
[WhiteElo "2005"]
[BlackElo "2044"]
[PlyCount "22"]
[EventDate "2009.??.??"]
[EventType "swiss"]
[EventRounds "9"]
[EventCountry "RUS"]
[SourceTitle "EXT 2011"]
[Source "ChessBase"]
[SourceDate "2010.11.26"]
[SourceVersion "1"]
[SourceVersionDate "2010.11.26"]
[SourceQuality "1"]

1. e4 a6 2. d4 b5 3. Bd3 Bb7 4. Nf3 e6 5. 0-0 Nf6 6. e5 Nd5 7. Nbd2 Nf4 8. Be4 Bd5 9. Re1 Be7 10. Nb3 Bxe4 11. Rxe4 Nd5 0-1

[Event "Omsk Half CC-ch"]
[Site "Omsk"]
[Date "2009.??.??"]
[Round "1"]
[White "Feofanov, Alexander"]
[Black "Borisov, Sergey M"]
[Result "0-1"]
[WhiteElo "1788"]
[BlackElo "2005"]
[PlyCount "20"]
[EventDate "2009.??.??"]
[EventType "swiss"]
[EventRounds "9"]
[EventCountry "RUS"]
[SourceTitle "EXT 2011"]
[Source "ChessBase"]
[SourceDate "2010.11.26"]
[SourceVersion "1"]
[SourceVersionDate "2010.11.26"]
[SourceQuality "1"]

1. b4 e5 2. Bb2 Bxb4 3. Bxe5 Nf6 4. e3 Nc6 5. Bb2 0-0 6. Nf3 d5 7. c4 Re8 8. cxd5 Nxd5 9. Bc4 Nf4 10. 0-0 Ng6 0-1

[Event "Omsk Half CC op"]
[Site "Omsk"]
[Date "2009.??.??"]
[Round "2"]
[White "Nevorotov, Boris"]
[Black "Borisov, Sergey M"]
[Result "0-1"]
[WhiteElo "1996"]
[BlackElo "2005"]
[PlyCount "38"]
[EventDate "2009.??.??"]
[EventType "swiss"]
[EventRounds "9"]
[EventCountry "RUS"]
[SourceTitle "EXT 2011"]
[Source "ChessBase"]
[SourceDate "2010.11.26"]
[SourceVersion "1"]
[SourceVersionDate "2010.11.26"]
[SourceQuality "1"]

1. e4 c5 2. d3 Nc6 3. g3 g6 4. Bg2 Bg7 5. Ne2 e6 6. 0-0 Nge7 7. Nbc3 d6 8. Bf4 e5 9. Bd2 0-0 10. h3 Rb8 11. Kh2 b5 12. Qc1 b4 13. Nd1 Nd4 14. Ng1 f5 15. c3 bxc3 16. bxc3 Ndc6 17. h4 Ba6 18. Qc2 fxe4 19. Bxe4 d5 0-1

[Event "Omsk RT op"]
[Site "Omsk"]
[Date "2009.??.??"]
[Round "3"]
[White "Pozdniakov, Vladimir"]
[Black "Borisov, Sergey M"]
[Result "1-0"]
[WhiteElo "2235"]
[BlackElo "2005"]
[PlyCount "20"]
[EventDate "2009.??.??"]
[EventType "swiss"]
[EventRounds "9"]
[EventCountry "RUS"]
[SourceTitle "EXT 2011"]
[Source "ChessBase"]
[SourceDate "2010.11.26"]
[SourceVersion "1"]
[SourceVersionDate "2010.11.26"]
[SourceQuality "1"]

1. Nf3 Nf6 2. c4 e6 3. g3 b6 4. Bg2 Bb7 5. 0-0 Be7 6. Nc3 0-0 7. b3 c5 8. Bb2 d6 9. e3 Nbd7 10. Qe2 a6 1-0